000 00517nam a2200181Ia 4500
008 090630s9999 xx 000 0 und d
082 _b3335
100 _aमोकाशी दि. ग.
245 _aपालखी.
_cमोकाशी दि. ग.
260 _bमौज.
_c1964
300 _a160
600 _aमोकाशी दि. ग.
630 _aपालखी.
655 _aप्रवास.
700 _aमोकाशी दि. ग.
730 _aपालखी.
942 _cBOOK
999 _c255191
_d255191